Drunk In My Mind- Benson Boone Lyrics - Statistics

General Stats
  • This quiz has been taken 96 times
    94 since last reset
  • The average score is 256 of 345
Answer Stats
Answer % Correct
I
96%
in
95%
In
95%
go
91%
the
91%
my
89%
My
89%
So
89%
so
89%
be
88%
to
88%
drunk
86%
Drunk
86%
you
86%
You
86%
your
86%
Me
84%
me
84%
mind
84%
Mind
84%
When
84%
when
84%
After
82%
feet
82%
quickly
82%
tasted
82%
both
81%
had
81%
with
81%
at
79%
pretty
79%
see
79%
should
79%
wine
79%
Happened
77%
if
77%
I'm
77%
Jumpin
77%
that
77%
we
77%
but
75%
But
75%
could
75%
felt
75%
good
75%
it
75%
sober
75%
Though
75%
time
75%
told
75%
Even
74%
said
74%
and
72%
can't
72%
getting
72%
give
72%
should've
72%
up
72%
Was
72%
was
72%
below
70%
Into
70%
into
70%
nothing
70%
Which
70%
flow
68%
How
68%
oh
68%
Oh
68%
ready
68%
river
68%
soul
68%
Tell
68%
way
68%
where
68%
deep
67%
do
67%
know
67%
love
67%
Movin
67%
past
67%
would
67%
Why
65%
cold
63%
just
63%
possibly
63%
try
63%
i'll
60%
never
60%
Never
60%
went
60%
boundaries
58%
Like
58%
open
58%
ripped
58%
dark
56%
heart
56%
were
56%
joking
54%
kissed
54%
from
53%
gave
53%
must
53%
park
53%
Thought
53%
thought
53%
been
51%
danced
51%
Everything
51%
imaginary
51%
slowly
49%
taking
49%
broken
47%
speed
47%
hopelessly
46%
something
46%
wide
46%
waters
44%
for
42%
over
42%
crashing
40%
full
40%
seemed
40%
Coulda
39%
smile
37%
woulda
37%
Hate
35%
fell
32%
wasted
28%
crazy
26%
it's
26%
driving
25%
save
25%
bet
14%
Bet
14%
No matching quizzes found
Score Distribution
Percent of People with Each Score
Percentile by Number Answered
Your Score History
You have not taken this quiz since the last reset